00377nam a2200145Ia 4500003000400000008004100004040001600045082002900061100002200090245003900112260002800151490000500179650001900184650002800203GCL140319s9999 xx 000 0 ara d aGCL / cGCL04aكاسيتb250bهـ ر1 aهانى خالد10aراسلين / cهانى خالد a[S.N] : bلا يوجد a04aالاغانى04aشرائط كاسيت